Telecommunications : (Record no. 136315)

MARC details
000 -LEADER
fixed length control field 00966nam a22002897a 4500
005 - DATE AND TIME OF LATEST TRANSACTION
control field 20170124110257.0
010 ## - LIBRARY OF CONGRESS CONTROL NUMBER
LC control number A-735688
020 ## - INTERNATIONAL STANDARD BOOK NUMBER
Terms of availability 00.00
International Standard Book Number 8172243448
035 ## - SYSTEM CONTROL NUMBER
System control number A-735688
037 ## - SOURCE OF ACQUISITION
Source of stock number/acquisition Cen Lib/Ret
040 ## - CATALOGING SOURCE
Original cataloging agency DPL
Language of cataloging EN
082 ## - DEWEY DECIMAL CLASSIFICATION NUMBER
Classification number 384
Item number MIT
100 ## - MAIN ENTRY--PERSONAL NAME
Personal name Mitchell, William
9 (RLIN) 28530
245 ## - TITLE STATEMENT
Title Telecommunications :
Statement of responsibility, etc by William Mitchhell, Rober Hendriks [and] Leonard Sterry
Remainder of title systems and applications /
246 ## - VARYING FORM OF TITLE
Remainder of title
260 ## - PUBLICATION, DISTRIBUTION, ETC. (IMPRINT)
Name of publisher, distributor, etc Jaico Publishing House
Date of publication, distribution, etc 1995
Place of publication, distribution, etc Bombay
270 ## - ADDRESS
City Bombay
Address 121. M G Road
Postal code 75700
300 ## - PHYSICAL DESCRIPTION
Extent 240p.:
Dimensions 25cm(Hb)
Other physical details ill.
500 ## - GENERAL NOTE
General note Includes bibliographical references
650 ## - SUBJECT ADDED ENTRY--TOPICAL TERM
Topical term or geographic name as entry element Mass Communication
9 (RLIN) 141725
650 ## - SUBJECT ADDED ENTRY--TOPICAL TERM
Topical term or geographic name as entry element Training Metodologies
9 (RLIN) 4430
650 ## - SUBJECT ADDED ENTRY--TOPICAL TERM
Topical term or geographic name as entry element जन संचार
9 (RLIN) 141726
650 ## - SUBJECT ADDED ENTRY--TOPICAL TERM
Topical term or geographic name as entry element प्रशिक्षण के तरीके
9 (RLIN) 4432
700 ## - ADDED ENTRY--PERSONAL NAME
Personal name Hendricks, Robert
9 (RLIN) 141727
700 ## - ADDED ENTRY--PERSONAL NAME
Personal name Sterry, Leonard
9 (RLIN) 141728
942 ## - ADDED ENTRY ELEMENTS (KOHA)
Source of classification or shelving scheme Dewey Decimal Classification
Koha item type English Books
Classification part 384
Call number suffix MIT
Holdings
Withdrawn status Lost status Damaged status Not for loan Home library Current library Date acquired Source of acquisition Cost, normal purchase price Total Checkouts Full call number Barcode Date last seen Copy number Cost, replacement price Price effective from Koha item type Public note
Written off       Central Library Central Library 21/03/2016 Cen Lib/Ret 0.00   384 MIT A-735688 21/03/2016 1 0.00 21/03/2016 English Books Written off on approval by DLB (By Circulation); dtd 15-06-2023

© Delhi Public Library
Hit Counter
free hit counter